000 00338nam a2200133Ia 4500
005 20260326235441.0
008 260326s9999||||xx |||||||||||||| ||und||
100 _aKultermann, Udo
245 0 _aNueva Arquitectura Japonesa /
_cUdo Kultermann
260 _bGustavo Gili
300 _a180 p.
650 _aARQUITECTURA REGIONAL
942 _cBK
999 _c7392
_d7392